000 00580nam a22002057a 4500
999 _c6501
_d6501
003 OSt
005 20200128155343.0
008 160427b xxu||||| |||| 00| 0 eng d
020 _a0226437221
040 _cDDC.
082 _a599.09KIN 1984
100 _aKingdon,Jonathan;
_98361
245 _aEast African Mammals.
_bAn Atlas of Evolution in Africa. Large Mammals
250 _aVOL IIIB
260 _aChicago.
_bUniversity of Chicago Press.
_c1984
300 _av,436p;
_bill;
_c30cm.
504 _aincludes index.
650 _aHares and Rodents
_98362
942 _2ddc
_cO_SHELF